00628nam a22002057a 450000500170000002000320001704000340004908200150008310000160009824500450011426000540015930000390021350000460025250400410029854600090033965000130034865000230036165000220038470000160040620250929050630.0 a9780070402249cTZS 31,200/= aMCCLbeng.eAACR 2nd rev. ed. a657.42 KHA aKhan, M. Y. aCost accounting /cM. Y. Khan & P K Jain aNew Delhi :bTata McGraw-Hill Publishing,cc2000. avi, Various paging:bill. ;c24 cm aIncludes review questions in each chapter aIncludes bibliographical references  aeng. aCosting  aCosting accounting aVariance analysis aJail, P. K.